| 000 | 00807nam a2200193 a 4500 | ||
|---|---|---|---|
| 008 | 161014s1997 ||||||||||||||||| || u | ||
| 020 | _a1557756422 | ||
| 050 | _aIMF(08)EI/9A | ||
| 100 | _aGarcia, Gillian G | ||
| 245 | 1 | 0 |
_aProtecting bank deposits _cBy Gillian G. Garcia |
| 260 |
_aWashington, D.C. _bInternational Monetary Fund _c1997 |
||
| 300 | _aiii, 14p. | ||
| 650 | _aDEPOSIT INSURANCE | ||
| 650 | _aECONOMIC POLICIES | ||
| 650 | _aDEPOSIT INSURANCE--SYSTEM | ||
| 650 | _aROLE OF BANKS--PROTECTING DEPOSITS | ||
| 995 |
_aSPECIAL COLLECTIONS _e2683 _FCBU-MAIN LIBRARY (Kitwe) _jIMF(08)EI/9B _M2 _UAVAILABLE _WOct 20, 2016 _yB2683 _ZInternational Publications |
||
| 995 |
_aSPECIAL COLLECTIONS _e2682 _FCBU-MAIN LIBRARY (Kitwe) _jIMF(08)EI/9A _M1 _UAVAILABLE _WOct 20, 2016 _yB2682 _ZInternational Publications |
||
| 999 |
_c77111 _d77111 |
||